|
|
|
|
| LEADER |
00000nab a2200000 ar4500 |
| 001 |
vtls009308181 |
| 003 |
SK-MaSNL |
| 005 |
20260305010402.0 |
| 008 |
080701c2008 xo mr|p|||||||000 b|slo |
| 015 |
|
|
|a SNBRB2008/07
|2 snkbucl
|
| 038 |
|
|
|a SNKBUCL
|
| 040 |
|
|
|a SNKBUCL
|b slo
|c SNKBUCL
|e AACR2
|
| 041 |
0 |
|
|a slo
|
| 044 |
|
|
|a xo
|c SK
|
| 080 |
|
|
|a 658.114-051
|2 1997
|
| 100 |
1 |
|
|a Kružliak, Imrich,
|d 1914-2019
|4 aut
|9 105619
|
| 245 |
1 |
0 |
|a Štefan Boleslav Roman a Slováci 20 rokov po jeho smrti
|c Imrich Kružliak
|
| 300 |
|
|
|b Fotogr.
|
| 600 |
1 |
7 |
|a Roman, Štefan Boleslav,
|d 1921-1988
|2 snkbucl
|9 166912
|
| 773 |
0 |
|
|t Slovenské zahraničie
|g Roč. XIII, č. 1 (2008), s. 15
|x 1335-4396
|
| 852 |
|
|
|a SNK
|b KIS3GCP
|
| 958 |
|
|
|a BX
|
| 958 |
|
|
|a CA
|
| 999 |
|
|
|c 3246367
|d 3248297
|